000 00281nam a2200121Ia 4500
008 190216s9999||||xx |||||||||||||| ||und||
100 _aVarma Jd & Dewett Kk
245 0 _aIndian Economics
260 _bS Chand & Co
_c1978
300 _a884p
650 _aEconomics
942 _cBK
999 _c9659
_d9659